01387nam a2200265 a 450000100100000000500170001000800410002704000250006808200200009310000460011324500860015926000360024530000270028159000260030865000280033465000310036270000370039391000390043095201320046995201320060195201320073395201180086595201230098399900150110600001016720240619113635.0091005s1995 dr a 000 p spa d aDO-SdBNPbspacBNPHU aRD861.44bG861c1 aGrimaldi Silié, Eleanor, d1948-98571310aCristal de ilusiones /cEleanor Grimaldi Silié ; ilustrador Teresita Jiménez. aSanto Domingo :bTaller,c1995. a52 p. :bil. ;c21 cm. aInventariado, 2018/LP 0aPoesía dominicana966 0aLiteratura dominicana.9671 aJiménez, Teresita,eil.925163 aValidado. Control de calidad BNPHU 001054708DSaGRbGRcHDd2011-01-26iLF1l0oRD861.44 G861cp10167-30r2020-06-25te.3w2020-06-25yLFDSZPréstamo en sala 001054708DSaGRbGRcHDd2011-05-16iLF1l0oRD861.44 G861cp10167-40r2020-06-25te.4w2020-06-25yLFDSZPréstamo en sala 001054708DSaGRbGRcHDd2011-05-16iLF1l0oRD861.44 G861cp10167-50r2020-06-25te.5w2020-06-25yLFDSZPréstamo en sala 0010718PDaPDbPDcHDd2009-10-05iLF1l0oRD861.44 G861cp10167-10r2020-06-25w2020-06-25yLFPDZNo se presta 0010718PDaPDbPDcHDd2009-10-05iLF1l0oRD861.44 G861cp10167-20r2020-06-25te.2w2020-06-25yLFPDZNo se presta c9926d9926